[Event "Pan American-ch U12"]
[Site "Santiago de Chile"]
[Date "2018.07.25"]
[Round "5"]
[White "Galaviz Medina, Atlas Adomaitis"]
[Black "Severich, Axl"]
[Result "1-0"]
[WhiteElo "1837"]
[BlackElo "1672"]
[PlyCount "63"]
[EventDate "2018.07.22"]
[EventType "swiss"]
[EventRounds "9"]
[EventCountry "CHI"]
[SourceTitle "EXT 2022"]
[Source "ChessBase"]
[SourceDate "2021.10.06"]
[SourceVersion "1"]
[SourceVersionDate "2021.10.06"]
[SourceQuality "1"]

1. d4 g6 2. c4 Bg7 3. Nc3 Nf6 4. e4 d6 5. Nf3 0-0 6. Be2 e5 7. dxe5 dxe5 8. Qxd8 Rxd8 9. Bg5 Re8 10. 0-0-0 c6 11. Nxe5 Nxe4 12. Nxe4 Bxe5 13. f4 Bg7 14. Bf3 Na6 15. Nd6 Re6 16. f5 Rxd6 17. Rxd6 Bxf5 18. Rhd1 Be5 19. Rd8+ Rxd8 20. Rxd8+ Kg7 21. Be7 Bxh2 22. g4 Bf4+ 23. Kd1 Be6 24. g5 Bxg5 25. Bxg5 f6 26. Bd2 g5 27. Re8 Bf5 28. Re7+ Kg6 29. Rxb7 Nc5 30. Rxa7 g4 31. Bxc6 Kh5 32. Ra5 1-0

[Event "Pan American-ch U12"]
[Site "Santiago de Chile"]
[Date "2018.07.23"]
[Round "3"]
[White "Galaviz Medina, Atlas Adomaitis"]
[Black "Jodorcovsky, Alejandro David"]
[Result "1/2-1/2"]
[WhiteElo "1837"]
[BlackElo "1439"]
[PlyCount "136"]
[EventDate "2018.07.22"]
[EventType "swiss"]
[EventRounds "9"]
[EventCountry "CHI"]
[SourceTitle "EXT 2022"]
[Source "ChessBase"]
[SourceDate "2021.10.06"]
[SourceVersion "1"]
[SourceVersionDate "2021.10.06"]
[SourceQuality "1"]

1. d4 f5 2. c4 g6 3. e3 Bg7 4. Nc3 Nf6 5. Nf3 0-0 6. Bd3 d6 7. 0-0 Nc6 8. d5 Ne5 9. Be2 e6 10. Qc2 Nxf3+ 11. Bxf3 e5 12. b4 e4 13. Be2 Nd7 14. Bb2 Ne5 15. c5 Qg5 16. Qd1 Bd7 17. Kh1 Qh4 18. Rb1 g5 19. g3 Qh3 20. f4 exf3 21. Bxf3 Nxf3 22. Qxf3 f4 23. gxf4 Qxf3+ 24. Rxf3 Bf5 25. Rg1 g4 26. Rfg3 Bxc3 27. Rxg4+ Bxg4 28. Rxg4+ Kf7 29. Bxc3 Rg8 30. Rh4 Kg6 31. Kg2 h5 32. Kf3 Rad8 33. e4 Rd7 34. Bd2 Rh7 35. e5 dxe5 36. fxe5 Kf5 37. Re4 Rg4 38. Re2 Re7 39. d6 cxd6 40. cxd6 Re6 41. d7 Rd4 42. Be3 Rxd7 43. Bxa7 Rd3+ 44. Kf2 Rxe5 45. Rxe5+ Kxe5 46. a4 Kd5 47. Bc5 Rc3 48. Be7 Rc7 49. Bd8 Rc4 50. Be7 Rc7 51. Bd8 Rd7 52. Ba5 Kc6 53. Kg3 b6 54. b5+ Kc5 55. Be1 Re7 56. Bf2+ Kb4 57. Bxb6 Kxa4 58. Bc5 Re5 59. Bd6 Rxb5 60. Kh4 Kb3 61. Be7 Rd5 62. Bg5 Kc2 63. Kxh5 Kd3 64. Kg6 Ke4 65. h4 Rd6+ 66. Bf6 Rd2 67. h5 Rg2+ 68. Bg5 Rh2 1/2-1/2